|
|
|
|
| LEADER |
00596nam a2200157Ia 4500 |
| 008 |
151104b xxu||||| m||| 00| 0 eng d |
| 082 |
|
|
|a 370.95483
|
| 100 |
|
|
|a Jaleel, P M
|
| 245 |
|
|
|a Education and economic growth in Malappuram /
|c by Jaleel, P M
|
| 260 |
|
|
|c 1982.
|
| 502 |
|
|
|a Thesis (Ph.D.)-- Department of Education, University of Calicut, 1982.
|
| 504 |
|
|
|a Includes bibliographical references.
|
| 653 |
|
|
|a Education
|
| 942 |
|
|
|c TH
|
| 999 |
|
|
|c 109459
|d 109459
|
| 952 |
|
|
|0 0
|1 0
|4 0
|6 370_954830000000000_JAL_E
|7 0
|9 113944
|a UL
|b UL
|c REF
|d 2015-11-09
|l 0
|o 370.95483 JAL/E
|p NB451
|r 2015-11-09
|w 2015-11-09
|y TH
|z 354
|